Νομός Ροδόπης : ιστορία, αρχαιολογία, γεωγραφία, ανθρωπογεωγραφία, πολιτισμός

Saved in:
Bibliographic Details
Main Author: Σιγούρος, Ιωάννης Λ.
Corporate Author: Εταιρεία Παιδαγωγικών Επιστημών Κομοτηνής
Format: Book
Language:Greek
Published: Κομοτηνή : Εταιρεία Παιδαγωγικών Επιστημών Κομοτηνής, 1997.
Series:Σειρά ιστορικών έργων ; 1
Subjects:
Tags: Add Tag
No Tags, Be the first to tag this record!

MARC

LEADER 00000cam a2200000 i 4500
001 1/53810
008 140826s1997 gr | ||| |||| ||gre||
020 |a 9608551269 
035 |l 10118737 
040 |a GR-MyUa  |b gre  |e AACR2 
041 0 |a gre 
082 7 |a 938.953   |2 (23) 
100 1 |a Σιγούρος, Ιωάννης Λ. 
245 1 0 |a Νομός Ροδόπης :   |b ιστορία, αρχαιολογία, γεωγραφία, ανθρωπογεωγραφία, πολιτισμός /   |c Ιωάννης Λ. Σιγούρος. 
260 |a Κομοτηνή :   |b Εταιρεία Παιδαγωγικών Επιστημών Κομοτηνής,   |c 1997. 
300 |a 202 σ. :   |b πίν., χάρτ, σχέδ. ;   |c 24 εκ. 
490 1 |a (Σειρά ιστορικών έργων ;   |v 1) 
504 |a Βιβλιογραφία: σ. 196-202. 
650 0 |a Archaeology  |z Greece  |z Rodope. 
651 0 |a Rodope (Greece)  |x History. 
651 0 |a Rodope (Greece)  |x Civilization. 
710 2 |a Εταιρεία Παιδαγωγικών Επιστημών Κομοτηνής. 
830 0 |a Σειρά ιστορικών έργων ;  |v 1 
852 |a INST  |b RHODES  |e 20140826  |h 938.953 ΣΙΓ  |p 005400036651  |q 005400036651  |t BK  |y 0 
901 |a BIBL4-2014-2 
970 |z 2014/08/26